Statistiche per Animali con la "L"

Clicka qui per fare il quiz!

Statistiche generali

  • Questo quiz è stato fatto 65 volte
  • Il punteggio medio è 12 su 15

Statistiche sulle risposte

suggerimentorisposta% Corretto
è un animale simile al cammello ma senza gobbe originario del Sudamerica. Si difende sputando gli acidi dell'intestinoLama
100%
è un felino africano considerato dagli uomini il "re della foresta". I maschi hanno una criniera caratteristica e la sua testa è uno dei simboli più sfruttati nella storia dell'umanitàLeone
98%
è un mammifero erbivoro simile al coniglio, dalle lunghe orecchie e molto veloce.Lepre
95%
è un rettile dalla testa piatta e triangolare. Ha la capacità di perdere la coda che continua a muoversi in modo autonomo per scappare e distogliere l'attenzione dei predatorilucertola
93%
è un mollusco terrestre privo di conchiglia e molto lentolumaca
91%
è un tipo di insetto. Per farsi notare durante il periodo degli amori, emette dei flash luminosi. Quando sono numerosi, nel giusto periodo e in ambienti bui, questi insetti garantiscono un bello spettacoloLucciola
89%
è un mammifero selvatico simile al cane domestico. Vive in branchi con una struttura gerarchica. E' un temibile cacciatoreLupo
85%
è un grosso felino carnivoro presente in Africa e Asia. Al contrario del leone, è molto abile nel salire sugli alberi, caratteristica che gli permette di non farsi rubare facilmente le predeLeopardo
84%
è un primate che vive in Madagascar. Come molti animali endemici di quest'isola hanno dei grandi occhi per migliorare la visione notturna.Lemure
82%
è un mammifero adattato alla vita marina dall'aspetto simile a una foca. Al contrario di esse, il leone marino possiede dei piccoli padiglioni auricolariLeone marino
78%
è un felino dalla coda corta e generalmente dei ciuffi di peli sulle punte delle orecchieLince
78%
è un anellide strisciante. La sua particolarità è che in alcuni casi può rigenerare parti del corpo se viene spezzatoLombrico
78%
è un mammifero della stessa famiglia della donnola. Ha una densa pelliccia che la protegge dall'acqua ed intrappola delle bolle d'aria che la isolano dal freddoLontra
75%
è un mammifero acquatico dall'aspetto simile ad un tricheco senza zanne ma di una famiglia diversa rispetto ad esso. E' erbivoro e predilige acque caldeLamantino
60%
è un piccolo roditore artico. Alcune credenze popolari, fanno credere che questi roditori compiano volutamente suicidi di massa durante le migrazioni ma è una teoria del tutto infondataLemming
38%

Distribuzione punteggi

Percentile per numero di risposta

Percentuale di utenti per punteggio

I tuoi punteggi nel tempo

Non hai fatto questo quiz